[Event "4NCL Division 1d"]
[Site "Telford, ENG"]
[Date "2017.03.05"]
[Round "8.52"]
[White "Ledger, Andrew J"]
[Black "Player, Edmund C"]
[Result "0-1"]
[WhiteElo "2376"]
[BlackElo "2237"]
[PlyCount "88"]
[EventDate "2017.03.05"]
[WhiteTeam "Blackthorne Russia"]
[BlackTeam "Anglian Avengers 1"]

1. d4 Nf6 2. c4 g6 3. Nc3 d5 4. cxd5 Nxd5 5. e4 Nxc3 6. bxc3 Bg7 7. Qa4+ Nd7 8.
Nf3 O-O 9. Bg5 h6 10. Be3 c5 11. Rd1 Qc7 12. Qa3 b6 13. Bd3 Bb7 14. O-O e6 15.
e5 Rfc8 16. Rfe1 Bf8 17. Qb2 Rab8 18. Qd2 cxd4 19. cxd4 Qc3 20. Qe2 Bg7 21. Nd2
Bd5 22. Ne4 Bxe4 23. Bxe4 b5 24. d5 exd5 25. Bxd5 Nb6 26. Bxb6 Rxb6 27. e6 Rf8
28. Rd3 Qc5 29. exf7+ Kh7 30. Bb3 a5 31. h4 a4 32. Be6 b4 33. Rd5 Qc3 34. h5 g5
35. Bf5+ Kh8 36. Qe8 Qf6 37. Bg6 b3 38. axb3 a3 39. Ra5 Ra6 40. Qa4 Qc3 41.
Rxa6 Qxe1+ 42. Kh2 Qxf2 43. Re6 a2 44. Re8 Qf4+ 0-1

[Event "4NCL Division 1d"]
[Site "Telford, ENG"]
[Date "2017.03.05"]
[Round "8.53"]
[White "Lewis, Andrew P"]
[Black "Bates, Richard A"]
[Result "0-1"]
[WhiteElo "2277"]
[BlackElo "2370"]
[PlyCount "50"]
[EventDate "2017.03.05"]
[WhiteTeam "Anglian Avengers 1"]
[BlackTeam "Blackthorne Russia"]

1. c4 e6 2. Nf3 Nf6 3. g3 b6 4. Bg2 Bb7 5. O-O g6 6. Nc3 Bg7 7. d3 O-O 8. e4 d6
9. Re1 c5 10. d4 cxd4 11. Nxd4 a6 12. Be3 Qc7 13. Rc1 Nbd7 14. f4 Rac8 15. Ndb5
axb5 16. Nxb5 Qb8 17. Nxd6 e5 18. b4 Rcd8 19. Nxb7 Qxb7 20. Qf3 Ra8 21. Rc2 Ra3
22. Qe2 Ra4 23. Bd2 Qc7 24. Rb1 Rfa8 25. Bc1 Rxb4 0-1

[Event "4NCL Division 1d"]
[Site "Telford, ENG"]
[Date "2017.03.05"]
[Round "8.54"]
[White "Webb, Laurence E"]
[Black "Lindner, Daniel"]
[Result "1/2-1/2"]
[WhiteElo "2290"]
[BlackElo "2218"]
[PlyCount "70"]
[EventDate "2017.03.05"]
[WhiteTeam "Blackthorne Russia"]
[BlackTeam "Anglian Avengers 1"]

1. d4 f5 2. g3 Nf6 3. Bg2 e6 4. Nd2 d5 5. Nh3 c5 6. c3 Nc6 7. Nf3 Be7 8. O-O
O-O 9. Nf4 Ne4 10. Nd3 Bd7 11. Nfe5 c4 12. Nxc6 Bxc6 13. Ne5 Be8 14. f3 Nd6 15.
b3 b5 16. Ba3 a5 17. bxc4 b4 18. Bb2 Nxc4 19. Nxc4 dxc4 20. e4 a4 21. cxb4 Bxb4
22. Rc1 Rc8 23. Bc3 Bxc3 24. Rxc3 Bb5 25. Qd2 Qb6 26. Qe3 Rfd8 27. Rd1 e5 28.
d5 Qxe3+ 29. Rxe3 c3 30. Rc1 c2 31. Bf1 Bxf1 32. Kxf1 fxe4 33. fxe4 Rf8+ 34.
Ke2 Rc4 35. h4 Rfc8 1/2-1/2

[Event "4NCL Division 1d"]
[Site "Telford, ENG"]
[Date "2017.03.05"]
[Round "8.55"]
[White "Oyama, Akito"]
[Black "Ansell, Simon T"]
[Result "0-1"]
[WhiteElo "2275"]
[BlackElo "2349"]
[PlyCount "62"]
[EventDate "2017.03.05"]
[WhiteTeam "Anglian Avengers 1"]
[BlackTeam "Blackthorne Russia"]

1. e4 c5 2. Nc3 Nc6 3. Nf3 e5 4. Bb5 d6 5. O-O Nf6 6. a3 Be7 7. b4 cxb4 8. axb4
O-O 9. Bxc6 bxc6 10. d4 exd4 11. Nxd4 Bd7 12. Ba3 Qb6 13. Qd3 Rfe8 14. h3 Bf8
15. Rfb1 d5 16. exd5 cxd5 17. Bc1 Re1+ 18. Kh2 Rc8 19. Nce2 Bd6+ 20. g3 Rxe2
21. Ra6 Rxf2+ 22. Kg1 Qb8 23. Kxf2 Ne4+ 24. Kg2 Bxh3+ 25. Kg1 Rc3 26. Qe2 Rxg3+
27. Kh1 Bg4 28. Qb5 Qxb5 29. Nxb5 Bf3+ 30. Kh2 Rg2+ 31. Kh3 Rh2# 0-1

[Event "4NCL Division 1d"]
[Site "Telford, ENG"]
[Date "2017.03.05"]
[Round "8.56"]
[White "Eames, Robert S"]
[Black "Spence, David J"]
[Result "1/2-1/2"]
[WhiteElo "2171"]
[BlackElo "2165"]
[PlyCount "132"]
[EventDate "2017.03.05"]
[WhiteTeam "Blackthorne Russia"]
[BlackTeam "Anglian Avengers 1"]

1. e4 e6 2. d4 d5 3. Nc3 Bb4 4. e5 c5 5. a3 Bxc3+ 6. bxc3 Qc7 7. Qg4 f5 8. Qg3
Nc6 9. Ne2 cxd4 10. cxd4 Nge7 11. c3 O-O 12. h4 Bd7 13. Rh3 Rf7 14. Nf4 Na5 15.
Rb1 Nc4 16. Be2 Kh8 17. Bh5 g6 18. Bd1 Rg8 19. Ne2 f4 20. Bxf4 Nf5 21. Qd3 Nxa3
22. Rb3 Nc4 23. g4 Ng7 24. Bg5 Ne8 25. Nf4 a5 26. Rf3 Bc8 27. Rb1 b5 28. Rxb5
Rxf4 29. Rxf4 Ba6 30. Rc5 Qb6 31. Qf3 Nxe5 32. dxe5 Qxc5 33. Rf7 h6 34. Bxh6 d4
35. cxd4 Qxd4 36. Rf4 Qxe5+ 37. Re4 Qb5 38. Rxe6 Ng7 39. Re2 Qb4+ 40. Bd2 Bxe2
41. Qxe2 Qb7 42. f3 Re8 43. Be3 Qe7 44. Kf2 Qe5 45. Kg2 Qe7 46. Kf2 Qe5 47. Qd3
Qh2+ 48. Kf1 Kh7 49. Ba4 Re6 50. Bb3 Rd6 51. Qe4 Qh3+ 52. Ke2 Qxh4 53. Qf4 Rd8
54. Bf7 Rd7 55. Bc4 Re7 56. Bd5 Nf5 57. Be4 Ng3+ 58. Kd3 Rd7+ 59. Kc4 Nxe4 60.
fxe4 Qh1 61. Kc5 a4 62. Bd4 a3 63. Qe5 Qc1+ 64. Kb6 Qb1+ 65. Ka5 Rxd4 66. Qe7+
Kh6 1/2-1/2

[Event "4NCL Division 1d"]
[Site "Telford, ENG"]
[Date "2017.03.05"]
[Round "8.57"]
[White "Talsma, Paul"]
[Black "Atkins, Rita"]
[Result "1-0"]
[WhiteElo "2200"]
[BlackElo "2100"]
[PlyCount "67"]
[EventDate "2017.03.05"]
[WhiteTeam "Anglian Avengers 1"]
[BlackTeam "Blackthorne Russia"]

1. d4 d6 2. e4 Nf6 3. f3 c6 4. c4 Nbd7 5. Nc3 e5 6. d5 Be7 7. Be3 cxd5 8. cxd5
O-O 9. Bd3 Nc5 10. Bc2 a5 11. Nge2 Nh5 12. Qd2 h6 13. O-O-O Bg5 14. g4 Bxe3 15.
Qxe3 Nf6 16. h4 h5 17. gxh5 Nxh5 18. Rdg1 Qf6 19. Kb1 Bd7 20. Nd1 Rfc8 21. Nf2
Nf4 22. Ng4 Bxg4 23. Rxg4 Nxe2 24. Qxe2 Kf8 25. Qg2 g6 26. h5 gxh5 27. Rxh5 Nd7
28. Ba4 Nc5 29. Bb5 Na6 30. Bd7 Ke7 31. Bxc8 Rxc8 32. Qh3 Nb4 33. Rg1 Rd8 34.
Rh6 1-0

[Event "4NCL Division 1d"]
[Site "Telford, ENG"]
[Date "2017.03.05"]
[Round "8.58"]
[White "Ledger, Stephen C"]
[Black "York-Andersen, Anna"]
[Result "1-0"]
[WhiteElo "2132"]
[BlackElo "1774"]
[PlyCount "83"]
[EventDate "2017.03.05"]
[WhiteTeam "Blackthorne Russia"]
[BlackTeam "Anglian Avengers 1"]

1. d4 Nf6 2. Bg5 Ne4 3. Bf4 c5 4. f3 Qa5+ 5. c3 Nf6 6. Nd2 cxd4 7. Nb3 Qb6 8.
Qxd4 Nc6 9. Qxb6 axb6 10. Nd4 e5 11. Nxc6 exf4 12. Nd4 Bd6 13. e4 fxe3 14. Bc4
O-O 15. O-O-O Bb8 16. Nge2 d5 17. Bb3 Re8 18. Ng3 Bd7 19. Rhe1 Bc6 20. Nf1 Bf4
21. Re2 Rad8 22. g3 Bb8 23. Kc2 h6 24. Nxe3 b5 25. Rde1 Ba7 26. Nef5 Rxe2+ 27.
Rxe2 g6 28. Ne7+ Kf8 29. Nexc6 bxc6 30. Nxc6 Rd7 31. Nxa7 Rxa7 32. Kd3 Rb7 33.
Kd4 b4 34. Bxd5 Nxd5 35. Kxd5 bxc3 36. bxc3 Rd7+ 37. Kc6 Rd3 38. c4 Rxf3 39. c5
Rf6+ 40. Kd7 Ra6 41. c6 Ra7+ 42. c7 1-0

[Event "4NCL Division 1d"]
[Site "Telford, ENG"]
[Date "2017.03.05"]
[Round "8.61"]
[White "Wall, Tim P"]
[Black "Hoffmann, Hendrik"]
[Result "1/2-1/2"]
[WhiteElo "2193"]
[BlackElo "2336"]
[PlyCount "51"]
[EventDate "2017.03.05"]
[WhiteTeam "North East England"]
[BlackTeam "Celtic Tigers "]

1. d4 g6 2. Bf4 Bg7 3. e3 d6 4. Nf3 Nf6 5. Be2 O-O 6. O-O b6 7. Nc3 Bb7 8. h3
Nbd7 9. Bh2 Ne4 10. Nxe4 Bxe4 11. c3 e6 12. Nd2 Bb7 13. Re1 h6 14. Bf3 Bxf3 15.
Qxf3 d5 16. e4 c6 17. Rad1 Nf6 18. e5 Nd7 19. Qg4 Qe7 20. Nf3 c5 21. Bf4 Rfc8
22. h4 cxd4 23. Nxd4 a6 24. g3 b5 25. Kg2 Rab8 26. Qe2 1/2-1/2

[Event "4NCL Division 1d"]
[Site "Telford, ENG"]
[Date "2017.03.05"]
[Round "8.62"]
[White "Quinn, John M"]
[Black "Dunn, Andrew"]
[Result "1/2-1/2"]
[WhiteElo "2152"]
[BlackElo "2252"]
[PlyCount "51"]
[EventDate "2017.03.05"]
[WhiteTeam "Celtic Tigers "]
[BlackTeam "North East England"]

1. d4 d5 2. c4 e6 3. Nc3 Be7 4. Nf3 Nf6 5. Bg5 h6 6. Bh4 O-O 7. e3 Ne4 8. Bxe7
Qxe7 9. Bd3 Nxc3 10. bxc3 Nd7 11. O-O dxc4 12. Bxc4 e5 13. Nxe5 Nxe5 14. dxe5
Qxe5 15. Qd4 Qe7 16. Rad1 Be6 17. Bxe6 Qxe6 18. Rd2 Qe7 19. Rfd1 c6 20. h3 Qa3
21. Qc4 Rae8 22. Rd7 Re7 23. Rd8 Re6 24. Rxf8+ Qxf8 25. Rd7 Re7 26. Qd3 1/2-1/2

[Event "4NCL Division 1d"]
[Site "Telford, ENG"]
[Date "2017.03.05"]
[Round "8.63"]
[White "Coathup, Roger H"]
[Black "Haussernot, Cecile"]
[Result "0-1"]
[WhiteElo "2158"]
[BlackElo "2120"]
[PlyCount "56"]
[EventDate "2017.03.05"]
[WhiteTeam "North East England"]
[BlackTeam "Celtic Tigers "]

1. d4 Nf6 2. c4 e6 3. Nc3 Bb4 4. Nf3 c5 5. Bd2 cxd4 6. Nxd4 Nc6 7. Nc2 Bc5 8.
e3 d5 9. cxd5 exd5 10. Be2 O-O 11. O-O a6 12. Rc1 Bf5 13. Na4 Ba7 14. Nb4 Qd6
15. Nxc6 bxc6 16. b4 Ne4 17. a3 Bb8 18. g3 Bh3 19. Re1 Qf6 20. f4 Ba7 21. Nc5
Bxc5 22. bxc5 Rab8 23. Bf3 Rfd8 24. Ba5 Re8 25. Bc7 Rb2 26. Be5 Rxe5 27. fxe5
Rg2+ 28. Kf1 Nd2+ 0-1

[Event "4NCL Division 1d"]
[Site "Telford, ENG"]
[Date "2017.03.05"]
[Round "8.64"]
[White "Maciol, Ryszard"]
[Black "Dalton, Joseph"]
[Result "1/2-1/2"]
[WhiteElo "2139"]
[BlackElo "2140"]
[PlyCount "64"]
[EventDate "2017.03.05"]
[WhiteTeam "Celtic Tigers "]
[BlackTeam "North East England"]

1. d4 d5 2. c4 e6 3. Nc3 Nf6 4. Bg5 Be7 5. cxd5 exd5 6. e3 O-O 7. Bd3 h6 8. Bh4
c5 9. dxc5 Nbd7 10. Nf3 Nxc5 11. O-O Be6 12. Rc1 Qb6 13. Rc2 Rfd8 14. Nd4 g5
15. Bg3 Rac8 16. Bf5 Bf8 17. Qe2 Bxf5 18. Nxf5 Nce4 19. Rfc1 Nxc3 20. Rxc3 Rxc3
21. Rxc3 Ne4 22. Rc2 Qg6 23. Bc7 Rd7 24. g4 Bd6 25. Qb5 Qe6 26. Qxb7 Kh7 27.
Qb8 d4 28. Bxd6 Nxd6 29. Qf8 Nxf5 30. gxf5 Qxf5 31. Rc8 Qg4+ 32. Kf1 Qd1+
1/2-1/2

[Event "4NCL Division 1d"]
[Site "Telford, ENG"]
[Date "2017.03.05"]
[Round "8.65"]
[White "Moreby, James"]
[Black "Pedersen, Carsten"]
[Result "0-1"]
[WhiteElo "2123"]
[BlackElo "2165"]
[PlyCount "96"]
[EventDate "2017.03.05"]
[WhiteTeam "North East England"]
[BlackTeam "Celtic Tigers "]

1. c4 c5 2. Nf3 Nf6 3. Nc3 Nc6 4. d4 cxd4 5. Nxd4 g6 6. e4 Bg7 7. Be3 d6 8. f3
O-O 9. Qd2 a6 10. Be2 Nxd4 11. Bxd4 Be6 12. O-O Rc8 13. b3 Qa5 14. Rfd1 Rfe8
15. Rab1 Nd7 16. Bxg7 Kxg7 17. Rdc1 f6 18. Kh1 Qb4 19. Qb2 Qc5 20. Qd2 Qb4 21.
Rc2 a5 22. Qc1 Qc5 23. f4 Nb6 24. Qd2 Qb4 25. Qd1 Qc5 26. Nb5 Qe3 27. g3 Bd7
28. Nc3 f5 29. Bf3 Bc6 30. Nd5 Qc5 31. Rbc1 fxe4 32. Bxe4 Nd7 33. Qf3 Nf6 34.
Nxf6 exf6 35. Bxc6 bxc6 36. Rd2 Re3 37. Qf1 Rce8 38. Rcd1 R8e6 39. Qg1 Qf5 40.
Rg2 Qe4 41. Qf2 d5 42. cxd5 cxd5 43. Rc1 d4 44. Rc7+ Re7 45. Rxe7+ Qxe7 46. Rg1
d3 47. Rc1 Re2 48. Qf1 d2 0-1

[Event "4NCL Division 1d"]
[Site "Telford, ENG"]
[Date "2017.03.05"]
[Round "8.66"]
[White "Evans, Craig"]
[Black "Dargan, Paul A G"]
[Result "0-1"]
[WhiteElo "1996"]
[BlackElo "2177"]
[PlyCount "100"]
[EventDate "2017.03.05"]
[WhiteTeam "Celtic Tigers "]
[BlackTeam "North East England"]

1. e4 d5 2. exd5 Nf6 3. d4 Bg4 4. Bb5+ Nbd7 5. Be2 Bxe2 6. Qxe2 Nxd5 7. c4 N5f6
8. Nf3 g6 9. O-O Bg7 10. a4 O-O 11. Ra3 Re8 12. h3 e6 13. Bg5 c5 14. Rd1 Qc7
15. Nc3 a6 16. dxc5 Qxc5 17. Ne4 Nxe4 18. Qxe4 Nb6 19. Rad3 Qxc4 20. Qxb7 Nd5
21. b3 Qc8 22. Qxc8 Rexc8 23. Bh4 Rab8 24. Bg3 Rb7 25. Ne5 Bxe5 26. Bxe5 Rc2
27. g4 f6 28. Bg3 Rb2 29. Rc1 Kf7 30. Rc8 R2xb3 31. Rxb3 Rxb3 32. Rh8 Kg7 33.
Ra8 Rb6 34. Ra7+ Kh6 35. h4 e5 36. g5+ fxg5 37. hxg5+ Kxg5 38. Rxh7 Nf4 39. Kh2
Rb4 40. a5 Ra4 41. Bh4+ Kg4 42. Bd8 Ra2 43. Bb6 Nd5 44. Ra7 Nxb6 45. axb6 Rxf2+
46. Kg1 Rb2 47. Rxa6 g5 48. Kf1 e4 49. Ke1 Kf3 50. Kd1 e3 0-1

[Event "4NCL Division 1d"]
[Site "Telford, ENG"]
[Date "2017.03.05"]
[Round "8.67"]
[White "Henderson, David"]
[Black "Larter, Nick J"]
[Result "1/2-1/2"]
[WhiteElo "2088"]
[BlackElo "1816"]
[PlyCount "89"]
[EventDate "2017.03.05"]
[WhiteTeam "North East England"]
[BlackTeam "Celtic Tigers "]

1. e4 e6 2. d4 d5 3. Nd2 dxe4 4. Nxe4 Qd5 5. Ng3 c5 6. Nf3 cxd4 7. Qxd4 Nf6 8.
Bc4 Qxd4 9. Nxd4 a6 10. Bg5 Be7 11. O-O O-O 12. Rfe1 Nd5 13. Bxe7 Nxe7 14. Ne4
Nbc6 15. Nb3 b5 16. Be2 Nb4 17. Rec1 Bb7 18. Nec5 Bd5 19. a4 Bc4 20. Bf3 Ned5
21. c3 Nd3 22. Nxd3 Bxd3 23. Nc5 Bf5 24. g3 Rfc8 25. b4 g5 26. Ra3 bxa4 27.
Rxa4 Ra7 28. Ra3 Bh3 29. Rca1 a5 30. Bxd5 exd5 31. Rxa5 Re7 32. Ra8 Rxa8 33.
Rxa8+ Kg7 34. Ra1 Re2 35. Rc1 Rb2 36. Nd3 Rd2 37. Ne1 Rb2 38. Nf3 h6 39. Nd4
Kf6 40. Nc2 Rb3 41. Ne1 d4 42. cxd4 Rxb4 43. Rd1 Ke6 44. Nd3 Rb5 45. f3 1/2-1/2

[Event "4NCL Division 1d"]
[Site "Telford, ENG"]
[Date "2017.03.05"]
[Round "8.68"]
[White "Buttell, David"]
[Black "Lampard, Alice"]
[Result "1/2-1/2"]
[WhiteElo "1748"]
[BlackElo "1862"]
[PlyCount "87"]
[EventDate "2017.03.05"]
[WhiteTeam "Celtic Tigers "]
[BlackTeam "North East England"]

1. d4 Nf6 2. c4 g6 3. Nc3 d5 4. Bf4 Bg7 5. e3 O-O 6. Nf3 c6 7. h3 h6 8. Bd3 Be6
9. c5 Nfd7 10. O-O f5 11. Rb1 Bf7 12. Qc2 Re8 13. b4 Kh7 14. Ne5 Nxe5 15. Bxe5
Bxe5 16. dxe5 d4 17. Ne2 dxe3 18. f4 Kg7 19. Rf3 Bxa2 20. Rd1 Bd5 21. Rxe3 e6
22. Bc4 Qe7 23. Bxd5 cxd5 24. Nd4 a6 25. Qa4 Qd7 26. Qxd7+ Nxd7 27. Rc3 Rac8
28. Rdc1 Kf7 29. b5 Nb8 30. c6 bxc6 31. bxa6 Nxa6 32. Nb5 c5 33. Nd6+ Ke7 34.
Ra3 Nb8 35. Ra7+ Nd7 36. Nxc8+ Rxc8 37. Rb1 c4 38. Rbb7 Rd8 39. Rc7 g5 40. g3
gxf4 41. gxf4 h5 42. Kf2 h4 43. Ke3 Ke8 44. Kd4 1/2-1/2

[Event "4NCL Division 1d"]
[Site "Telford, ENG"]
[Date "2017.03.05"]
[Round "8.71"]
[White "Martins, David Pires Tavares"]
[Black "Toma, Katarzyna"]
[Result "1-0"]
[WhiteElo "2393"]
[BlackElo "2242"]
[PlyCount "83"]
[EventDate "2017.03.05"]
[WhiteTeam "Oxford 1"]
[BlackTeam "South Wales Dragons"]

1. d4 Nf6 2. c4 g6 3. Nc3 d5 4. cxd5 Nxd5 5. Bd2 Bg7 6. e4 Nxc3 7. Bxc3 c5 8.
d5 Bxc3+ 9. bxc3 e6 10. Nf3 exd5 11. Bb5+ Bd7 12. Qxd5 Qc7 13. Rb1 Bxb5 14.
Rxb5 Nc6 15. Qxc5 b6 16. Qe3 Rc8 17. Qh6 Nd8 18. Re5+ Ne6 19. O-O Qe7 20. Nd4
Rxc3 21. Nxe6 fxe6 22. Rxe6 Qxe6 23. Qg7 Rf8 24. Qxc3 Qxa2 25. Qe5+ Kf7 26. Ra1
Rd8 27. h3 Qd2 28. Rxa7+ Rd7 29. Ra8 Re7 30. Qb8 Qe1+ 31. Kh2 Qxe4 32. Qg8+ Kf6
33. Rf8+ Ke5 34. Rf3 Kd4 35. Qb3 Qe5+ 36. g3 Qc5 37. Qb2+ Kd5 38. Rb3 Rf7 39.
Kg1 Kd6 40. Rxb6+ Ke7 41. Rb7+ Ke8 42. Qh8+ 1-0

[Event "4NCL Division 1d"]
[Site "Telford, ENG"]
[Date "2017.03.05"]
[Round "8.72"]
[White "Cooper, John G"]
[Black "Tan, Justin"]
[Result "1/2-1/2"]
[WhiteElo "2263"]
[BlackElo "2453"]
[PlyCount "44"]
[EventDate "2017.03.05"]
[WhiteTeam "South Wales Dragons"]
[BlackTeam "Oxford 1"]

1. c4 e6 2. g3 d5 3. Bg2 dxc4 4. Qa4+ Nd7 5. Qxc4 a6 6. Qc2 Bd6 7. Nf3 Ngf6 8.
Nc3 O-O 9. O-O c5 10. d4 Qc7 11. dxc5 Nxc5 12. Bg5 Nce4 13. Rac1 Nxg5 14. Nxg5
Rb8 15. Rfd1 b6 16. Qd3 Bc5 17. b4 h6 18. bxc5 hxg5 19. c6 b5 20. Qd6 Qxd6 21.
Rxd6 Ne8 22. Rd2 f5 1/2-1/2

[Event "4NCL Division 1d"]
[Site "Telford, ENG"]
[Date "2017.03.05"]
[Round "8.73"]
[White "Zakarian, David"]
[Black "Kett, Tim"]
[Result "0-1"]
[WhiteElo "2378"]
[BlackElo "2193"]
[PlyCount "74"]
[EventDate "2017.03.05"]
[WhiteTeam "Oxford 1"]
[BlackTeam "South Wales Dragons"]

1. e4 e5 2. f4 d5 3. exd5 c6 4. Nc3 exf4 5. Nf3 Bd6 6. d4 Ne7 7. Bd3 Bg4 8. O-O
cxd5 9. Nb5 Nbc6 10. c3 Bb8 11. Qe1 a6 12. Na3 f6 13. h3 Bxf3 14. Rxf3 g5 15.
h4 Qd7 16. b4 Kd8 17. b5 axb5 18. Nxb5 Nf5 19. hxg5 fxg5 20. Qf2 Nce7 21. Ba3
Ng6 22. Bc5 Ra6 23. Rh3 h5 24. Qc2 Ngh4 25. Re1 Re8 26. Rxe8+ Qxe8 27. Qb3 Qe1+
28. Bf1 Qe4 29. Na3 f3 30. Nc2 f2+ 31. Kxf2 Rf6 32. Bb6+ Kc8 33. Kg1 Ng3 34.
Rxg3 Bxg3 35. Qb5 Ng6 36. Bd3 Bf2+ 37. Kf1 Bxd4# 0-1

[Event "4NCL Division 1d"]
[Site "Telford, ENG"]
[Date "2017.03.05"]
[Round "8.74"]
[White "Redmond, John P"]
[Black "Asenov, Pavel"]
[Result "0-1"]
[WhiteElo "2209"]
[BlackElo "2335"]
[PlyCount "74"]
[EventDate "2017.03.05"]
[WhiteTeam "South Wales Dragons"]
[BlackTeam "Oxford 1"]

1. d4 d5 2. c4 c6 3. cxd5 cxd5 4. Bf4 Nc6 5. e3 Nf6 6. Nc3 Bf5 7. Qb3 Na5 8.
Qa4+ Bd7 9. Qc2 Rc8 10. Bd3 e6 11. Nf3 Be7 12. Ne5 Nc4 13. O-O b5 14. Qe2 Qa5
15. Nxd7 Nxd7 16. Nxb5 Qxb5 17. b3 Ndb6 18. Qh5 Qd7 19. bxc4 dxc4 20. Bc2 g6
21. Qh6 Bf8 22. Qg5 Bg7 23. Qa5 O-O 24. Rab1 Rfd8 25. Rfd1 Qb7 26. Rb5 Rd5 27.
Rdb1 Rxb5 28. Qxb5 Qe7 29. Qa6 Rd8 30. h3 Bf6 31. Bg3 Kg7 32. a4 Rd7 33. a5 Qa3
34. Be4 Nd5 35. Qxc4 Nc3 36. Bc6 Nxb1 37. Bxd7 Nd2 0-1

[Event "4NCL Division 1d"]
[Site "Telford, ENG"]
[Date "2017.03.05"]
[Round "8.75"]
[White "Harvey, Marcus R"]
[Black "Zeidler, Sven P"]
[Result "1-0"]
[WhiteElo "2275"]
[BlackElo "2190"]
[PlyCount "77"]
[EventDate "2017.03.05"]
[WhiteTeam "Oxford 1"]
[BlackTeam "South Wales Dragons"]

1. Nf3 f5 2. b3 Nf6 3. Bb2 e6 4. e3 Be7 5. Be2 O-O 6. O-O d6 7. d4 Nbd7 8. c4
Ne4 9. Ne1 c5 10. f3 Ng5 11. Nd3 Nf7 12. Nf4 Nf6 13. dxc5 dxc5 14. Qc2 Qc7 15.
Nc3 a6 16. g3 Bd6 17. Ng2 Ng5 18. f4 Nh3+ 19. Kh1 b6 20. e4 Ng4 21. Bf3 Bb7 22.
Qe2 h5 23. exf5 exf5 24. Nd5 Qf7 25. Ne1 Rae8 26. Qg2 Nhf2+ 27. Rxf2 Nxf2+ 28.
Qxf2 h4 29. gxh4 Re6 30. Nd3 Ba8 31. h5 Kh7 32. Rg1 Rg8 33. Ne5 Bxe5 34. Bxe5
Rh6 35. Rg5 Bc6 36. Qh4 b5 37. Rg6 bxc4 38. bxc4 Qb7 39. Qg5 1-0

[Event "4NCL Division 1d"]
[Site "Telford, ENG"]
[Date "2017.03.05"]
[Round "8.76"]
[White "James, David J"]
[Black "Gerlagh, Joris"]
[Result "1/2-1/2"]
[WhiteElo "2123"]
[BlackElo "2266"]
[PlyCount "111"]
[EventDate "2017.03.05"]
[WhiteTeam "South Wales Dragons"]
[BlackTeam "Oxford 1"]

1. d4 Nf6 2. Nf3 d5 3. c4 dxc4 4. e3 e6 5. Bxc4 a6 6. O-O c5 7. dxc5 Qxd1 8.
Rxd1 Bxc5 9. a3 b5 10. Be2 Ke7 11. b4 Bd6 12. Bb2 Nbd7 13. Nbd2 Bb7 14. Nb3 Bd5
15. Nbd4 Rhc8 16. a4 bxa4 17. Rxa4 Nb6 18. Rxa6 Na4 19. Rxa8 Rxa8 20. Ba1 Bxb4
21. Rc1 Ne4 22. Nb5 f6 23. Nc7 Nec3 24. Nxd5+ Nxd5 25. Bd3 Nc5 26. Bc4 Nb6 27.
Bd4 Nxc4 28. Rxc4 e5 29. Bxc5+ Bxc5 30. g3 Kd6 31. Rc2 Ra4 32. Rd2+ Ke6 33. Rc2
Bd6 34. Kg2 g6 35. Rb2 Ra7 36. Rd2 Rd7 37. Ra2 Bc5 38. Ra6+ Rd6 39. Rxd6+ Kxd6
40. g4 Kd5 41. Nd2 Bb4 42. Nf1 Bd6 43. h4 e4 44. Ng3 Bxg3 45. Kxg3 Ke5 46. Kg2
h6 47. Kg3 g5 48. hxg5 hxg5 49. f3 Kd5 50. Kf2 Kc4 51. fxe4 Kc3 52. Ke2 Kc2 53.
Kf3 Kd3 54. Kf2 Kd2 55. Kf3 Kd3 56. Kf2 1/2-1/2

[Event "4NCL Division 1d"]
[Site "Telford, ENG"]
[Date "2017.03.05"]
[Round "8.77"]
[White "Truran, Michael C"]
[Black "Jameson, David"]
[Result "1-0"]
[WhiteElo "2188"]
[BlackElo "2116"]
[PlyCount "119"]
[EventDate "2017.03.05"]
[WhiteTeam "Oxford 1"]
[BlackTeam "South Wales Dragons"]

1. d4 Nf6 2. c4 e6 3. Nf3 b6 4. Bf4 Bb7 5. e3 Bb4+ 6. Nbd2 O-O 7. Bd3 d6 8. O-O
Bxd2 9. Nxd2 e5 10. Bg5 exd4 11. Ne4 Nbd7 12. exd4 h6 13. Bh4 Re8 14. Re1 g5
15. Nxf6+ Qxf6 16. Rxe8+ Rxe8 17. Bg3 Be4 18. Bf1 Re7 19. Qd2 Bf5 20. Rd1 Nb8
21. b4 Nd7 22. b5 Qe6 23. f3 Qe3+ 24. Bf2 Qxd2 25. Rxd2 Nf6 26. Rb2 Kg7 27. Rb3
Re8 28. Ra3 Ra8 29. c5 d5 30. Bg3 Ne8 31. Re3 Be6 32. a4 Rc8 33. a5 Kf8 34. Ra3
Ke7 35. axb6 axb6 36. Ra7 Kd8 37. Rb7 Ra8 38. cxb6 Kc8 39. Ra7 Rxa7 40. bxa7
Kb7 41. b6 cxb6 42. Bb8 Nf6 43. Ba6+ Ka8 44. Bb5 Bd7 45. Bd3 Ng8 46. Kf2 Ne7
47. g4 Nc8 48. Be5 Kxa7 49. Bg7 Nd6 50. Bxh6 f5 51. Bf8 Nb5 52. Bxf5 Bxf5 53.
gxf5 Nxd4 54. f6 Nc6 55. Bh6 Ne5 56. Bxg5 Kb7 57. Ke3 Kc6 58. Kf4 Kd6 59. Kf5
b5 60. Bf4 1-0

[Event "4NCL Division 1d"]
[Site "Telford, ENG"]
[Date "2017.03.05"]
[Round "8.78"]
[White "Wilson, Julie"]
[Black "Varney, Zoe"]
[Result "0-1"]
[WhiteElo "1870"]
[BlackElo "1988"]
[PlyCount "40"]
[EventDate "2017.03.05"]
[WhiteTeam "South Wales Dragons"]
[BlackTeam "Oxford 1"]

1. d4 d5 2. c4 c6 3. Nf3 Nf6 4. Nc3 e6 5. Bg5 Nbd7 6. e3 Qa5 7. Nd2 Bb4 8. Qc2
dxc4 9. Bxc4 Qxg5 10. O-O O-O 11. f4 Qa5 12. Rf3 c5 13. Nb3 Qd8 14. Rd1 cxd4
15. Rxd4 Bxc3 16. Qxc3 Qe7 17. Rg3 e5 18. fxe5 Nxe5 19. Be2 Bf5 20. Rf4 Nd5 0-1

[Event "4NCL Division 1d"]
[Site "Telford, ENG"]
[Date "2017.03.05"]
[Round "8.81"]
[White "Sowray, Peter J"]
[Black "Pigott, John C"]
[Result "0-1"]
[WhiteElo "2312"]
[BlackElo "2384"]
[PlyCount "96"]
[EventDate "2017.03.05"]
[WhiteTeam "Barbican 4NCL 2"]
[BlackTeam "Kings Head"]

1. Nf3 Nf6 2. e3 g6 3. c4 Bg7 4. d4 O-O 5. Be2 c5 6. d5 e6 7. Nc3 exd5 8. cxd5
d6 9. O-O Re8 10. h3 Na6 11. Re1 Bf5 12. Bb5 Re7 13. Nh4 Bd7 14. Bf1 Ne4 15.
Nxe4 Rxe4 16. Nf3 Rc8 17. Rb1 Bf5 18. Bd3 Nb4 19. Bxe4 Bxe4 20. Ra1 Nc2 21. Bd2
Nxe1 22. Qxe1 Bxb2 23. Rd1 Bxf3 24. gxf3 Qg5+ 25. Kh2 Qxd5 26. Bc1 Qe5+ 27. f4
Qf6 28. Qh1 Bxc1 29. Qxb7 Qd8 30. Rxc1 Qc7 31. Qf3 c4 32. Rc3 Qc5 33. Qg4 Rc7
34. Qh4 Kg7 35. Qd8 Rb7 36. Kg3 Rb2 37. Qg5 Qb4 38. Rc1 Qd2 39. Rf1 Qd3 40. Re1
Rxa2 41. f5 Qxf5 42. Qxf5 gxf5 43. Rd1 Ra6 44. Kf4 Kg6 45. e4 c3 46. exf5+ Kf6
47. Ke4 c2 48. Rc1 Rc6 0-1

[Event "4NCL Division 1d"]
[Site "Telford, ENG"]
[Date "2017.03.05"]
[Round "8.82"]
[White "Tukpetov, Evgeny"]
[Black "Franklin, Samuel G A"]
[Result "0-1"]
[WhiteElo "2247"]
[BlackElo "2308"]
[PlyCount "56"]
[EventDate "2017.03.05"]
[WhiteTeam "Kings Head"]
[BlackTeam "Barbican 4NCL 2"]

1. e4 e5 2. Nf3 Nc6 3. c3 Nf6 4. d4 Nxe4 5. d5 Bc5 6. dxc6 Bxf2+ 7. Ke2 Bb6 8.
Qd5 Nf2 9. Bg5 f6 10. Nxe5 Qe7 11. cxd7+ Bxd7 12. Qxd7+ Qxd7 13. Nxd7 Kxd7 14.
Be3 Nxh1 15. Nd2 Bxe3 16. Kxe3 Rae8+ 17. Kf3 Re5 18. g4 Rhe8 19. Nc4 Re1 20.
Rxe1 Rxe1 21. Ne3 Rb1 22. Bg2 Rxb2 23. Bxh1 Rxa2 24. Kf4 c6 25. h4 a5 26. Be4
a4 27. Bxh7 a3 28. Nc2 Rxc2 0-1

[Event "4NCL Division 1d"]
[Site "Telford, ENG"]
[Date "2017.03.05"]
[Round "8.83"]
[White "Navarro Cia, Miguel"]
[Black "Sun, Xinyue"]
[Result "1-0"]
[WhiteElo "2261"]
[BlackElo "2130"]
[PlyCount "107"]
[EventDate "2017.03.05"]
[WhiteTeam "Barbican 4NCL 2"]
[BlackTeam "Kings Head"]

1. d4 Nf6 2. Bg5 e6 3. e4 h6 4. Bxf6 Qxf6 5. c3 d6 6. Bd3 e5 7. Ne2 c5 8. dxc5
dxc5 9. O-O Bd6 10. Bb5+ Bd7 11. Na3 Bc6 12. Nc4 Bc7 13. Bxc6+ Nxc6 14. Ne3 Ne7
15. Qa4+ Qc6 16. Qxc6+ Nxc6 17. Rad1 Rd8 18. Nd5 Bb8 19. Ng3 Ne7 20. Nxe7 Kxe7
21. Nf5+ Kf6 22. Ne3 g6 23. Rd5 Rxd5 24. Nxd5+ Kg7 25. Rd1 Rd8 26. Kf1 f5 27.
Ke2 Kf7 28. f3 Bd6 29. a4 Ke6 30. Kd3 Rc8 31. Kc4 fxe4 32. fxe4 Rf8 33. Rd2 Rf7
34. b3 Rf8 35. Rd3 Rf2 36. Rg3 g5 37. Rh3 Bf8 38. Rf3 Rxf3 39. gxf3 a6 40. h3
Kd6 41. b4 Kc6 42. b5+ Kd6 43. Ne3 Ke6 44. Nf5 h5 45. Ng3 h4 46. Nf5 Bd6 47.
Ng7+ Kf7 48. Kd5 Bc7 49. Ne6 Ba5 50. c4 axb5 51. axb5 b6 52. Kxe5 Kg6 53. Nc7
Bc3+ 54. Ke6 1-0